000 00497nam a2200133 a 4500
008 120416s1964 ||||||||||||||||| || u
050 _aTA 355 Set
100 _aSeto, William W
245 1 0 _aSchaum's outline of theory and problems of mechanical vibrations
260 _aNew York
_bMcGraw-Hill
_c1964
300 _a(7) 199p. : ill
350 _a0.00
995 _D0.00
_FCBU-MAIN LIBRARY (Kitwe)
_H1
_I1.90
_M1
_UDAMAGED
_ZMain Library Open Access Collection
999 _c57031
_d57031